000 nam a22 7a 4500
999 _c7180
_d7180
008 170727b xxu||||| |||| 00| 0 eng d
100 _93756
_aLane Timothy S
245 _aHow people change
260 _aCanada
_bNew Growth Press
_c2008